Países mais ricos do mundo - Statistics

Estatísticas Gerais
  • Esse quiz foi jogado 176 vezes
  • A pontuação média é 5 de 10
Estatísticas das Respostas
Hint Resposta % Correto
7. Estados Unidos
99%
5. Suíça
67%
1. Luxemburgo
59%
6. Noruega
58%
10. Dinamarca
51%
2. Singapura
46%
3. Irlanda
38%
8. Brunei
22%
4. Qatar
17%
9. Hong Kong
9%
Nenhum quiz correspondente encontrado
Distribuição das Pontuações
Porcentagem de Pessoas com Cada Pontuação
Percentil de Números Respondidos
Sua Pontuação Histórica
Você não jogou esse quiz